• 首页
  • 本馆介绍
  • 公告通知
  • 最新文献
  • 馆藏检索
  • 电子资源
  • 读者导购
  • 参考咨询
  • 我的图书馆
  • 登录
  • 详细信息显示
  • 放入我的书架
  • 预约/预借图书
  • 作者相关作品
  • 分类相关作品
  • 丛书相关作品
  • 出版社相关作品

书目信息

  • 表格格式
  • 工作单格式
  • 卡片格式
书名: The Magic Knife
作者:
分册号:
分册名:
出版地: Beijing :
 
出版社: Foreign Languages Press
出版时间: 1982.
页数: 142 p. :
开本:
丛书名: Folk tales from China
中图分类号:
科图分类号:
其他分类号: H319.4
主题词:
电子资源:
000 00417nam 22000169i 450 9
001 0297303187
005 20070210164125.82
008 950630m1982 u y a 000 0
041    @aeng
090    @aI277.3
090    @aH319.4
099    @dH319.4@ex231=3
245 10 @aThe Magic Knife.
250    @a3rd ed.
260 1  @aBeijing :@bForeign Languages Press,@c1982.
300    @a142 p. :@bill.
440  0 @aFolk tales from China@v5
    
    The Magic Knife.-3rd ed.-Beijing : : Foreign Languages Press, , 1982.
    142 p. : : ill.- (Folk tales from China 5 )
    
    
    ISBN
    
●
相关链接 在E读中查询图书 在五车中查询图书 在当当中查询图书 在豆瓣中查询图书


正题名:The Magic Knife     索取号:H319.4/x231=3         预约/预借

序号 登录号 条形码 馆藏地/架位号 状态 备注
1 123747   001432186   第四借阅区/ [索取号:H319.4/x231=3] 在馆    
2 123748   001432202   第四借阅区/ [索取号:H319.4/x231=3] 在馆    
3 123749   001432195   第二样本阅览室/ [索取号:H319.4/x231=3] 在馆    
唐山师范学院图书馆 欢迎您!
大连网信软件有限公司© 版权所有